000 00999nam a2200301Ia 4500
003 OSt
005 20221007123833.0
006 a|||||r|||| 00| 0
007 ta
008 221006b |||||||| |||| 00| 0 eng d
020 _a8177581309 (pbk)
_c450
024 _a79926
037 _b092, 13/12/2007, Dhanraj Book House
_cTextual
040 _aCDL
_cCDL
_beng
041 _2eng
_aeng
082 _aE1, L8;M3;10-;11 Carc
100 _aHuheey James E
_9717967
245 0 _aInorganic chemistry:principles of structure and reactivity
_b Keiter Ellen A
250 _a4
260 _aNew
_bDelhi Pearson Education
_c1993
300 _axviii,808p.
_ccm.
500 _aAppendix A-I 705-794p; Index 795-808p
650 _a Inorganic chemistry
_9185095
650 _aChemistry
700 _a Keiter Ellen A
_9717968
942 _hE1, L8;M3;10-;11 Carc
_cTEXL
_2CC
999 _c1212549
_d1212549